000 01147nam0a22002771 4500
001 rc\3793206
005 20120311163828.9
021 _aRU
_b[75-58947]
035 _a(NLR Aleph) 007252861
090 _a5224036
_c5224036
100 _a20120311d1975 |||y0rusy50 ca
101 0 _arus
102 _aRU
105 _ay z |||||
200 1 _aСтандартные программы печати и ввода информации с перфокарт для ЭВМ серии EC
_fБетелин В.Б., Романюк С.Г.
_gИн-т прикл. математики АН СССР
210 _aМосква
_cИПМ
_d1975
215 _a26 с.
_d20
320 _aСписок лит.: с. 25 (5 назв.)
606 _aЦифровые вычислительные машины на интегральных микросхемах
_xПрограммы ввода и вывода информации
_2psbo
700 1 _aБетелин
_bВ. Б.
_gВладимир Борисович
701 1 _aРоманюк
_bС. Г.
801 0 _aRU
_bNLR
_gpsbo
801 1 _aRU
_bELAR
_2rusmarc
852 _aNLR
_j76-4/15543
942 _cBOOK
980 _aNB